| 000 | 00572nam a22001817a 4500 | ||
|---|---|---|---|
| 005 | 20150124125612.0 | ||
| 008 | 131121t fr||||| |||| 00| 0 fra d | ||
| 020 | _a2070736164 | ||
| 050 | 0 | 4 |
_aB 2559 _bB44 1976 |
| 100 | 1 | _aBelaval, Yvon | |
| 245 | 1 | 0 |
_aÉtudes Leibniziennes : _bde Leibniz à Hegel / _cYvon Belaval |
| 250 | _aPrimera Edición: 1976 | ||
| 260 |
_aParis, Francia : _bGallimard, _c1976. |
||
| 300 |
_a398 paginas, _c19 X 13 centimetros, |
||
| 504 | _aIncluye: Apendice e Indice | ||
| 650 | 7 |
_2Lemb _aFilosofía _xHistoria siglo XVII-XIX |
|
| 942 |
_2ddc _cLIB |
||
| 999 |
_c45541 _d45541 |
||